| 000 | 00866nam a2200253 a 4500 | ||
|---|---|---|---|
| 005 | 20191224041627.0 | ||
| 008 | 140304b2000 ck |||||rm||| 00| 0 spa d | ||
| 040 |
_aCO-BoIAVH _cCO-BoIAVH |
||
| 041 | _aspa | ||
| 044 | _ack | ||
| 090 |
_aTE _b0118 |
||
| 100 | _aSánchez Duran, Juan Carlos | ||
| 245 |
_aApartes sobre la ecología del ave Sakesphorus melanonotus _bhábitat, territorios, densidades y dieta en el bosque seco de la bahía de Neguange, Colombia |
||
| 260 |
_aBogotá _bUniversidad de los Andes. Facultad de Ciencias _c2000? |
||
| 300 | _a32. Paginas | ||
| 650 | 1 | 4 | _aEcología de poblaciones |
| 650 | 1 | 4 | _aHábitos alimentarios |
| 650 | 1 | 4 | _aHábitat |
| 650 | 1 | 4 | _aComportamiento |
| 650 | 1 | 4 | _aAves |
| 650 | 1 | 4 | _aAvifauna |
| 662 |
_aColombia _cBahía de Neguange _bMagdalena |
||
| 942 |
_cTESIS _2z |
||
| 999 |
_c2206 _d2206 |
||